000 00469nam a22001697a 4500
005 20180809120946.0
008 160430b xxu||||| |||| 00| 0 eng d
020 _a81-8779802-5
041 _aeng
082 _b1083
_a658.3
100 _aChadha, K. Narendra
_9347
245 _aHUMAN RESOUCE MANAGEMENT:issues case studies and experiantial exercises
260 _aNew Delhi
_bShri Sai Printegraphs,
_c2002
300 _a471p,
650 _aManagement
_9241
942 _cBK
999 _c401
_d401